| 000 | 00436nam a22001697a 4500 | ||
|---|---|---|---|
| 005 | 20230905185705.0 | ||
| 008 | 230721b |||||||| |||| 00| 0 eng d | ||
| 020 | _a9780714125831 | ||
| 082 |
_a746.09496 _bWAL-T |
||
| 100 | _aWaller, Diane, | ||
| 245 | _aTextiles from the Balkans | ||
| 260 |
_aChaina _bTHE BRITISH MUSEUM PRESS _c2010 |
||
| 500 | _ainclude index | ||
| 650 | _aarchitecture | ||
| 700 | _aDiane Waller | ||
| 999 |
_c33121 _d33121 |
||